Schaum's outline of theory and problems of group theory, (Record no. 154143)

MARC details
000 -LEADER
fixed length control field 01004cam a22003011 4500
001 - CONTROL NUMBER
control field 4065261
003 - CONTROL NUMBER IDENTIFIER
control field 0
005 - DATE AND TIME OF LATEST TRANSACTION
control field 20180717115824.0
008 - FIXED-LENGTH DATA ELEMENTS--GENERAL INFORMATION
fixed length control field 700729s1968 nyua b 000 0 eng
010 ## - LIBRARY OF CONGRESS CONTROL NUMBER
LC control number B-192547
020 ## - INTERNATIONAL STANDARD BOOK NUMBER
International Standard Book Number 0070604932
Terms of availability 0.00
040 ## - CATALOGING SOURCE
Original cataloging agency dpl
Transcribing agency 0
Modifying agency 0
Language of cataloging EN
050 00 - LIBRARY OF CONGRESS CALL NUMBER
Classification number QA171
Item number .B36
082 00 - DEWEY DECIMAL CLASSIFICATION NUMBER
Classification number 510
Item number BAU
100 1# - MAIN ENTRY--PERSONAL NAME
Personal name Baumslag, Benjamin.
245 10 - TITLE STATEMENT
Title Schaum's outline of theory and problems of group theory,
Statement of responsibility, etc by Benjamin Baumslag [and] Bruce Chandler.
260 ## - PUBLICATION, DISTRIBUTION, ETC. (IMPRINT)
Place of publication, distribution, etc New York,
Name of publisher, distributor, etc McGraw-Hill
Date of publication, distribution, etc [1968]
300 ## - PHYSICAL DESCRIPTION
Extent 279 p.
Other physical details illus.
Dimensions 28 cm.
490 0# - SERIES STATEMENT
Series statement Schaum's outline series
500 ## - GENERAL NOTE
General note Cover title: Theory and problems of group theory.
500 ## - GENERAL NOTE
General note Title on spine: Group theory.
504 ## - BIBLIOGRAPHY, ETC. NOTE
Bibliography, etc Bibliography: p. 272-273.
650 #0 - SUBJECT ADDED ENTRY--TOPICAL TERM
Topical term or geographic name as entry element Group theory.
700 1# - ADDED ENTRY--PERSONAL NAME
Personal name Chandler, Bruce,
Dates associated with a name 1931-
Relator term joint author.
740 ## - ADDED ENTRY--UNCONTROLLED RELATED/ANALYTICAL TITLE
Uncontrolled related/analytical title Outline of theory and problems of group theory.
740 ## - ADDED ENTRY--UNCONTROLLED RELATED/ANALYTICAL TITLE
Uncontrolled related/analytical title Theory and problems of group theory.
942 ## - ADDED ENTRY ELEMENTS (KOHA)
Source of classification or shelving scheme Dewey Decimal Classification
Koha item type English Books
Classification part 510
Call number suffix BAU
Holdings
Withdrawn status Lost status Source of classification or shelving scheme Damaged status Not for loan Collection code Home library Current library Date acquired Source of acquisition Total Checkouts Full call number Barcode Date last seen Cost, replacement price Price effective from Koha item type
    Dewey Decimal Classification     Non-fiction Patel Nagar Patel Nagar 17/07/2018 BPPD/Pub   510 BAU B-192547 17/07/2018 0.00 17/07/2018 English Books

© Delhi Public Library
Hit Counter
free hit counter